Normal view
MARC view
- Lieven, Anatol.
Entry Personal Name
001 - CONTROL NUMBER
- control field: 3726
003 - CONTROL NUMBER IDENTIFIER
- control field: NUST
005 - DATE AND TIME OF LATEST TRANSACTION
- control field: 20170803110404.0
008 - FIXED-LENGTH DATA ELEMENTS
- fixed length control field: 170803|| aca||aabn | a|a d
040 ## - CATALOGING SOURCE
- Original cataloging agency: NUST
- Transcribing agency: NUST
100 ## - HEADING--PERSONAL NAME
- Personal name: Lieven, Anatol.
670 ## - SOURCE DATA FOUND
- Source citation: Work cat.: (NUST)0: Lieven, Anatol., Pakistan :, 2011.
